000 01134cam a2200337 i 4500
001 25430
003 Mx-PuUPA
005 20251002111745.0
008 140415s2006 vc a fr 001 0 eng d
020 _a9788820977658
_qISBN-13
020 _a8820977656
_qISBN-10
040 _aMx-PuUPA
_bspa
_cMx-PuUPA
_dMx-PuUPA
_erda
041 0 _aeng
100 1 _aRamellini, Pietro,
_d1964-
_916270
_eautor
245 _aLife and organisms /
_cPietro Ramellini
260 _a[s.l.] :
_bNORMA LILIANA SANCHEZ BARBOSA,
_c1996.
264 1 _aVatican City :
_bLibreria Editrice Vaticana,
_c©2006
300 _a412 páginas :
_bilustraciones ;
_c24 cm
336 _2rdacontent
_atexto
_btxt
337 _2rdamedia
_asin medio
_bn
338 _2rdacarrier
_avolumen
_bnc
490 0 _aThe STOQ Project Research Series ;
_v2
650 7 _2armarc
_aVida (Biología)
650 7 _2armarc
_aOrganismo (Filosofía)
650 7 _2armarc
_aBiología
_xHistoria
650 7 _2armarc
_aBiología
_xFilosofía
_xHistoria
942 _2ddc
_cLI
_h578
_iR65
999 _c25430
_d25430